| 000 | 00977nam a2200313Ia 4500 | ||
|---|---|---|---|
| 005 | 20220317001846.0 | ||
| 008 | 170410s2014 a g 000 0 s | ||
| 020 | _a9789505577859 | ||
| 041 | _aspa | ||
| 082 | 0 | 4 |
_a111.8 _bH23s |
| 100 | 1 |
_aHeidegger, Martin _d1889-1976 |
|
| 245 | 1 | 3 |
_aEl ser y el tiempo _cMartin Heidegger ; traducción de JoséGaos |
| 250 | _a2a. edición, 3a reimpresión | ||
| 300 |
_a478 páginas _c21 cm |
||
| 490 | _aObras de filosofía | ||
| 534 | _tSein und zeit | ||
| 650 | 1 | 4 |
_2LEMB _aEspacio y tiempo (Filosofía) |
| 650 | 1 | 4 |
_2LEMB _aExistencialismo |
| 650 | 1 | 4 |
_2LEMB _aFilosofía alemana |
| 650 | 1 | 4 |
_2LEMB _aMetafísica |
| 650 | 1 | 4 |
_2LEMB _aOntología |
| 700 | 1 |
_aGaos, José _978018 |
|
| 942 |
_2ddc _cBK |
||
| 264 |
_aBuenos Aires _bFondo de Cultura Económica _c2014 |
||
| 336 |
_atexto _btxt _2rdacontent |
||
| 337 |
_asin mediación _bn _2rdamedia |
||
| 338 |
_avolumen _bnc _2rdacarrier |
||
| 040 |
_aCO-BoRNBP _bspa _erda _cCO-BoRNBP |
||
| 999 |
_c8329 _d8329 |
||